000
00212 a2200097 4500
001
17275
100
_a
Spencer
245
_a
Engineering Mathematics (Vol-I)
260
_a
_b
Van Nostrand
_c
090
_c
12796
_d
12796
942
_a
NUST-CAE
_c
M
_c
3109
999
_c
252348
_d
252348